01229nam a2200277 i 450000100060000000300090000600500170001500700030003200800410003510000250007624500800010126000700018130000360025150000760028750502220036370000430058574000360062874000320066474000250069674000240072174000200074574000210076585200220078699900170080895201260082552906ES-MaACL20230906162651.0t|030910m18961903fr ||||1| fre d1 aDelage, Yves.94329410aTraité de zoologie concréte / cpar Yves Delage [et] Edgard Hérouard. aParis : bSchleicher Fréres, c1896-1903 (fImpr. Paul Schmidt) a5 t. en 6 v. : bil. ; c25 cm. aOriginalmente planeado para 9 v.: t. IV, VI, VII Y IX nunca publicados.8 aContiene: T. I: La cellule et les protozoaires. -- T. II: 1ª parte: Mésozogires, spongiaires. -- T. II: 2ª parte: Les coelentéres. -- T. III: Les échinodermes. -- V: Les vermidiens. -- T. VIII: Les procordés1 aHérouard, Edgar Joseph Emile.9631303 aLa celulle et les protozoaires.0 aMésozogires, spongiaires.4 aLes coelentérés.4 aLes échinodermes.4 aLes vermidiens.4 aLes procordés. aES-MaACLjD-40-48 c52906d52906 001040708LIBXIXaATENEOMbATENEOMcSVId2008-01-17eSCl0oD-40-48p901055599r2023-02-23 00:00:00w2023-02-23yMONANT